Cataluña en Fildelfia / por Agustín de Urgellés de Tovar ; con una introducción por el Dr. Emilio Blanchet
Descripción Física:
103, 47 p. ; 18 cm
Otros Autores:
Blanchet, Emilio
Materias:
Exposició Universal de Filadèlfia (1876)
MARC
| LEADER | 00000nam a2200000Ia 4500 | ||
|---|---|---|---|
| 001 | 16101 | ||
| 008 | 160829s9999 xx 000 0 cat d | ||
| 080 | |a M-5-8 | ||
| 100 | |a Urgellés de Tovar, Agustín |9 46751 | ||
| 245 | |a Cataluña en Fildelfia / por Agustín de Urgellés de Tovar ; con una introducción por el Dr. Emilio Blanchet | ||
| 260 | |a Barcelona : |b Gaceta Universal, [1877?] | ||
| 300 | |a 103, 47 p. ; |c 18 cm | ||
| 590 | |a Prové de 1402, exp. 54 | ||
| 650 | |a Exposició Universal de Filadèlfia (1876) |9 46752 | ||
| 700 | |a Blanchet, Emilio |9 46753 | ||
| 901 | |a Arxiu | ||
| 942 | |n 1 | ||
| 952 | |0 0 |1 0 |4 0 |6 M58 |7 1 |9 53425 |a Arxiu |b Arxiu |d 2016-12-01 |l 0 |o M-5-8 |p 16101 |r 2016-12-01 00:00:00 |w 2016-12-01 |y ARXIU | ||
| 999 | |c 57291 |d 57291 | ||